<?xml version="1.0" encoding="UTF-8"?>
<record
    xmlns:xsi="http://www.w3.org/2001/XMLSchema-instance"
    xsi:schemaLocation="http://www.loc.gov/MARC21/slim http://www.loc.gov/standards/marcxml/schema/MARC21slim.xsd"
    xmlns="http://www.loc.gov/MARC21/slim">

  <leader>03084nam a2200541Ia 4500</leader>
  <controlfield tag="001">3985</controlfield>
  <controlfield tag="008">241029s9999    xx            000 0 und d</controlfield>
  <datafield tag="010" ind1=" " ind2=" ">
    <subfield code="a">3741</subfield>
  </datafield>
  <datafield tag="041" ind1=" " ind2=" ">
    <subfield code="a">Espa&#xF1;ol</subfield>
  </datafield>
  <datafield tag="082" ind1=" " ind2=" ">
    <subfield code="a">NO APLICA</subfield>
  </datafield>
  <datafield tag="245" ind1=" " ind2="0">
    <subfield code="a">Dise&#xF1;o de un programa para disminuir la violencia en 1er. Grado del Nivel Medio, Liceo Matutino Fundaci&#xF3;n Tr&#xF3;pico, Guaricano, Distrito Educativo 10-01, Villa Mella.</subfield>
  </datafield>
  <datafield tag="260" ind1=" " ind2=" ">
    <subfield code="a">Santo Domingo</subfield>
  </datafield>
  <datafield tag="300" ind1=" " ind2=" ">
    <subfield code="a">127</subfield>
  </datafield>
  <datafield tag="520" ind1=" " ind2=" ">
    <subfield code="a">29</subfield>
  </datafield>
  <datafield tag="630" ind1=" " ind2=" ">
    <subfield code="a">Disminuci&#xF3;n de la Violencia</subfield>
  </datafield>
  <datafield tag="630" ind1=" " ind2=" ">
    <subfield code="a">Violencia</subfield>
  </datafield>
  <datafield tag="650" ind1=" " ind2=" ">
    <subfield code="a">Violencia</subfield>
  </datafield>
  <datafield tag="690" ind1=" " ind2=" ">
    <subfield code="a">Elaborado</subfield>
  </datafield>
  <datafield tag="700" ind1=" " ind2=" ">
    <subfield code="e">asesor</subfield>
    <subfield code="a">Poueriet, Vicenta </subfield>
  </datafield>
  <datafield tag="700" ind1=" " ind2=" ">
    <subfield code="e">autor</subfield>
    <subfield code="a"> N&#xFA;&#xF1;ez, Santiago </subfield>
  </datafield>
  <datafield tag="700" ind1=" " ind2=" ">
    <subfield code="e">autor</subfield>
    <subfield code="a"> Encarnaci&#xF3;n Guerrero, Feliz</subfield>
  </datafield>
  <datafield tag="901" ind1=" " ind2=" ">
    <subfield code="a">{"1":" N&#xFA;&#xF1;ez","2":" Encarnaci&#xF3;n Guerrero"}</subfield>
    <subfield code="b">{"1":"Santiago ","2":"Feliz"}</subfield>
  </datafield>
  <datafield tag="902" ind1=" " ind2=" ">
    <subfield code="a">1</subfield>
  </datafield>
  <datafield tag="903" ind1=" " ind2=" ">
    <subfield code="a">{"1":"Poueriet"}</subfield>
    <subfield code="b">{"1":"Vicenta "}</subfield>
  </datafield>
  <datafield tag="904" ind1=" " ind2=" ">
    <subfield code="a">Maestr&#xED;a en</subfield>
  </datafield>
  <datafield tag="905" ind1=" " ind2=" ">
    <subfield code="a">Educaci&#xF3;n Superior</subfield>
  </datafield>
  <datafield tag="906" ind1=" " ind2=" ">
    <subfield code="a">2</subfield>
  </datafield>
  <datafield tag="907" ind1=" " ind2=" ">
    <subfield code="a">NO APLICA</subfield>
  </datafield>
  <datafield tag="908" ind1=" " ind2=" ">
    <subfield code="a">NO APLICA</subfield>
  </datafield>
  <datafield tag="909" ind1=" " ind2=" ">
    <subfield code="a">Universidad Aut&#xF3;noma de Santo Domingo (UASD)</subfield>
  </datafield>
  <datafield tag="910" ind1=" " ind2=" ">
    <subfield code="a">NULL</subfield>
    <subfield code="b">NULL</subfield>
  </datafield>
  <datafield tag="911" ind1=" " ind2=" ">
    <subfield code="a">["1"]</subfield>
  </datafield>
  <datafield tag="912" ind1=" " ind2=" ">
    <subfield code="a">NO APLICA</subfield>
  </datafield>
  <datafield tag="913" ind1=" " ind2=" ">
    <subfield code="a">NULL</subfield>
  </datafield>
  <datafield tag="914" ind1=" " ind2=" ">
    <subfield code="a">08 de Enero de 2007</subfield>
  </datafield>
  <datafield tag="915" ind1=" " ind2=" ">
    <subfield code="a">05/12/19 10:12</subfield>
  </datafield>
  <datafield tag="916" ind1=" " ind2=" ">
    <subfield code="a">NULL</subfield>
  </datafield>
  <datafield tag="917" ind1=" " ind2=" ">
    <subfield code="a">NULL</subfield>
  </datafield>
  <datafield tag="918" ind1=" " ind2=" ">
    <subfield code="a">NO APLICA</subfield>
  </datafield>
  <datafield tag="919" ind1=" " ind2=" ">
    <subfield code="a">["69","197"]</subfield>
  </datafield>
  <datafield tag="520" ind1=" " ind2=" ">
    <subfield code="a">El objetivo general de este proyecto consisti&#xF3; en dise&#xF1;ar un programa de intervenci&#xF3;n de desarrollo personal social, para disminuir los efectos que produce la violencia en el aula de 1ro. B, Liceo Matutino Fundaci&#xF3;n Tr&#xF3;pico, Guaricano.El tipo de investigaci&#xF3;n de este estudio se bas&#xF3; en el bibliogr&#xE1;fico, de corte transversal y de campo. La poblaci&#xF3;n para el desarrollo de esta investigaci&#xF3;n se tom&#xF3; como escenario el p Primer Grado del Liceo Matutino Fundaci&#xF3;n El Tr&#xF3;pico, para un universo de 51 personas (44 estudiantes y 7 maestros), tomando como muestra la misma poblaci&#xF3;n. La investigaci&#xF3;n utiliz&#xF3; como instrumento, una entrevista y tres cuestionarios con preguntas cerradas aplicadas a los sujetos de estudio.Dentro de las conclusiones tenemos que: en cuanto a si se consideran personas violentas, observamos que m&#xE1;s de la mitad admite ser violenta y considera que en el sector donde residen se dan muchos casos de violencia, siendo un indicador que genera conflictos entre los estudiantes que al final van a repercutir de manera negativa en el entorno escolar. Se quiso destacar que los profesores, estudiantes y padres reconocen la labor que est&#xE1; realizando el director con el manejo de los conflictos que se dan entre los estudiantes.Se recomienda motivar a los profesores a que busquen alternativas para frenarse y disminuir los conflictos en el aula. Analizar la responsabilidad de la familia y los profesores frente a la violencia y la agresi&#xF3;n escolar en el centro educativo y buscar profesionales de la Psicolog&#xED;a para que impartan talleres sobre el manejo de conflictos en el aula.</subfield>
  </datafield>
  <datafield tag="921" ind1=" " ind2=" ">
    <subfield code="a">16</subfield>
  </datafield>
  <datafield tag="922" ind1=" " ind2=" ">
    <subfield code="a">16</subfield>
  </datafield>
  <datafield tag="923" ind1=" " ind2=" ">
    <subfield code="a">0</subfield>
  </datafield>
  <datafield tag="924" ind1=" " ind2=" ">
    <subfield code="a">NO APLICA</subfield>
  </datafield>
  <datafield tag="942" ind1=" " ind2=" ">
    <subfield code="c">Tesis</subfield>
  </datafield>
  <datafield tag="999" ind1=" " ind2=" ">
    <subfield code="c">3741</subfield>
    <subfield code="d">3741</subfield>
  </datafield>
</record>
